00562nam a2200157 a 4500008004100000245013000041260006000171300002500231504004100256650003300297700002500330700002200355003000100377005001700378040000900395 00aWhat went right in Tanzania :bpeople's response to directed development /cedited by Marja Liisa Swantz and Aili Mari Tripp. aDar es Salaam :bDar es Salaam University Press,c1996. avi, 184 p. ;c21 cm. aIncludes bibliographical references. 0aRural developmentzTanzania.1 aSwantz, Marja Liisa.1 aTripp, Aili Mari.20230123133340.0 cNUST